| 000 | 00727nam a2200217 u 4500 | ||
|---|---|---|---|
| 005 | 20240925065521.0 | ||
| 008 | 121112s2012 r 000 0 eng d | ||
| 020 | _a9786074131321 | ||
| 035 | _aUPN01000188396 | ||
| 049 | _aCG | ||
| 050 | 4 |
_aLB1051 _bC6.67 |
|
| 245 | 0 | 3 |
_aLa construcción del conocimiento : _bmiradas desde la psicología educativa / _ccoord. Jorge Mendoza García. |
| 260 |
_aMéxico : _bUPN, _c2012. |
||
| 300 | _a179 p. | ||
| 440 | 0 |
_aHorizontes educativos _pPsicología |
|
| 590 | _aTambién localiza un ejemplar en el Área de Reserva | ||
| 650 | 4 |
_aPsicología educativa _95197 |
|
| 650 | 4 |
_aSociología de la educación _94896 |
|
| 700 | 1 |
_aMendoza García, Jorge _ecoord. _938550 |
|
| 905 | _aLibro | ||
| 999 |
_c160499 _d160499 |
||